000 01152nam a22002177a 4500
999 _c57323
_d57323
003 Ge_BSU
005 20200520160945.0
008 200520s2018 xxu||||| |||| 00| 0 geo d
020 _a9789941808173
041 _ageo
080 _a341.2 ფ-64
100 _aფირცხალაშვილი, ანა
_98126
245 _aადამიანის უფლებათა დაცვის პოლიტიკა ევროპული კავშირის სამართალში /
_cანა ფირცხალაშვილი ; გიორგი მირიანაშვილი ; რედ. ნანა თავაძე.
264 _aთბილისი,
_c2018.
300 _a274 გვ.:
_c22სმ.
546 _aრეზიუმე და შენიშვნა ინგლ.ენ.
653 _aადამიანის საერთაშორისო უფლებების დაცვა
700 _a მირიანაშვილი, გიორგი
_98131
700 _aთავაძე , ნანა
_eრედაქტორი
_98132
942 _2udc
_cBK